00282 a2200133 4500001000700000020001800007040001100025100003100036240003100067245002600098300000700124362000900131440000800140161446 a85-322-1797-4 cMagnum aAlves, Januária Cristina10aÀ sombra do ciúmelpor10aÀ sombra do ciúme a700 a1996 1aFTD